Statistics for Rozsypanka literowa - nazwy krajów #2

Click here to take the quiz!

General Stats

  • This quiz has been taken 122 times
  • The average score is 18 of 23

Answer Stats

Rozsypanka literowa Answer % Correct
K S A O L Ppolska
97%
I O A J P A Njaponia
97%
I A H O D L N Aholandia
96%
D Z C Aczad
95%
A I A L A N Balbania
94%
K N D A A Akanada
94%
A S J O Rrosja
91%
A R B A S U D I J K A A Y Aarabia saudyjska
89%
N J E M Ejemen
87%
A N M Ooman
87%
B Z A S N E D G L Abangladesz
86%
A I L Mmali
85%
L R E A Z Iizrael
84%
Y M C I N Eniemcy
78%
K A O R O Mmaroko
74%
Y A I L A Z R Bbrazylia
69%
Ł Y H W C Owłochy
69%
A N Z W O A I E A N D Lnowa zelandia
65%
P Z S I H I N A Ahiszpania
63%
N A U G I K R A Anikaragua
62%
Ą K D A L Z R Y P O Z G I E E L N O A E R U P I L K Brepublika zielonego przylądka
54%
A K I N A U Rukraina
42%
F I N N A T A A G Safganistan
28%

Score Distribution

Percentile by Number Answered

Percent of People with Each Score

Your Score History

You have not taken this quiz